|
|
|
|
| LEADER |
00000nam a2200000 a 4500 |
| 001 |
vtls001064636 |
| 003 |
SK-MaSNL |
| 005 |
20260301152918.0 |
| 008 |
250414s1991 xo 0 slo |
| 015 |
|
|
|a SNBA1991/06
|
| 020 |
|
|
|a 8085343002
|
| 035 |
|
|
|a SNK000007466
|
| 040 |
|
|
|a SNK
|b slo
|c SNK
|e AACR2
|
| 041 |
0 |
|
|a slo
|
| 044 |
|
|
|a xo
|c SK
|
| 080 |
|
|
|a 658.114.017.3(035)
|2 1981
|
| 100 |
1 |
|
|a Jassinger, Alfréd,
|d 1935-
|4 aut
|9 110481
|
| 245 |
1 |
0 |
|a Tajomstvá úspechu malého súkromného podnikania
|c Alfréd Jassinger ; Hana Kohútová
|
| 250 |
|
|
|a 1. vyd.
|
| 260 |
|
|
|a Bratislava
|b Slovenská kniha
|c 1991
|e Bratislava
|f Svornosť
|
| 300 |
|
|
|a 103 s.Tb., 5,34 AH
|c 20 cm
|
| 366 |
|
|
|e 20000 výtl.
|
| 500 |
|
|
|a Lit. 13. 13 zázn. v slov., češ. a angl.
|
| 700 |
1 |
|
|a Kohútová, Hana
|4 bkd
|9 44870
|
| 852 |
|
|
|a Slovenská národná knižnica
|
| 919 |
|
|
|a 80-85343-00-2
|
| 954 |
|
|
|a podnikanie súkromné
|a podniky malé
|
| 958 |
|
|
|a NB
|
| 958 |
|
|
|a TL
|
| 999 |
|
|
|c 790618
|d 792548
|
| 952 |
|
|
|t P60, <04>, [BOOK], {604}
|a SNK
|b SNK
|y VYP
|7 0
|p 17A0335992
|o snkSC 79426 D1
|i snkKSP 3637/91
|0 0
|1 0
|4 0
|d 2002-03-06
|l 0
|r 2004-12-31 00:00:00
|w 2026-02-24
|
| 952 |
|
|
|a SNK
|b SNK
|y PREZ
|7 0
|p 17A0993936
|o snkSC 79426
|0 0
|1 0
|4 0
|d 2012-08-09
|l 0
|r 2026-02-24 01:35:06
|w 2026-02-24
|